Les 15 villes les plus peuplées du département du Lot - Statistiques

Statistiques générales
  • Ce quiz a été pris 17 fois
  • Le résultat moyen est 6 sur 15
Statistiques - réponses
Hint Réponse % Correct
20050 Cahors
100%
9793 Figeac
81%
4206 Gourdon
75%
3512 Gramat
69%
3192 Souillac
44%
3617 Pradines
38%
3429 Saint-céré
31%
2519 Prayssac
25%
1957 Biars-sur-cère
19%
1637 Martel
19%
1816 Montcuq en Quercy blanc
19%
1860 Puy l'évêque
19%
1899 Lalbenque
6%
1750 Luzech
6%
1840 Castelnau Montratier - Saint Alauzie
0%
Aucun quiz correspondant
Distribution des résultats
% des personnes avec chaque résultat
Percentile par nombre de réponses
Votre historique - résultats
Vous n’avez pas pris ce quiz